Концерти за валдхорна и пиано от стари майстори (Запис номер 350582)
[ съкратено ]
| 000 -Лидер | |
|---|---|
| Контролно поле с фиксирана дължина | 02074ncm a2200469 c 4500 |
| 003 - Код на организацията, давaща контролен номер | |
| Контролно поле | BLK |
| 005 - Дата и час на последна редакция | |
| Контролно поле | 20200401173309.0 |
| 008 - Елементи от данни с фиксирана дължина | |
| fixed length control field | 180414b bul |a|er|||| |0| c|bulo| |
| 010 ## - Наследен системен номер | |
| LC control number | NOT00002132000 |
| 040 ## - Източник на каталожния запис | |
| Идентификатор на билиотеката - собственик на записа | BLK |
| 041 ## - Код за език | |
| Код за езика на текст/звукозапис или на отделно заглавие | Български |
| Код за езика КДБФ | Български |
| 080 ## - УДК | |
| Текстов определител УДК | Дуо валдхорна и пиано |
| УДК код - определител по УДК | 785.72:788.42:786.2 |
| УДК - код + определител | 785.72:788.42:786.2 |
| 139 ## - Редно поле | |
| Редна дума | Концерти за валдхорна и пиано от стари майстори |
| Авторски знак | Конф - К 84 |
| 245 10 - Сведения за заглавието | |
| Заглавие | Концерти за валдхорна и пиано от стари майстори |
| Редно поле (дума) | състав и клав. извл. Стоян Караиванов. |
| 257 ## - Страна на издаване | |
| Страна на създаване/издаване | България |
| 260 ## - Област на издателските данни | |
| Име на издателя, разпространителя и проч. | Музика |
| Година на издаване | 1983 |
| 9 (RLIN) | 209430 |
| Място на издаване, разпространение и проч. | София |
| Издателство - префикс ISBN | 978-954-405- |
| 300 ## - Физическа характеристика | |
| Страници | 64 с. |
| Размери/Мащаб | 33 с. |
| 380 ## - Жанр | |
| Жанр | Изкуство |
| 505 ## - Форматирана забележка | |
| Авторската отговорност | Франческо Антониа Розети. |
| Заглавие | Концерт № 16 в ми бемол мажор |
| 505 ## - Форматирана забележка | |
| Авторската отговорност | Джовани Пунто. |
| Заглавие | Концерт № 10 във фа мажор |
| 505 ## - Форматирана забележка | |
| Авторската отговорност | Якоб Ян Риба. |
| Заглавие | Концерт в ми бемол мажор |
| 650 #0 - Допълнително описание по предмет – тема | |
| Основно описание – тема или топоним | Валдхорна - концерти |
| 9 (RLIN) | 353188 |
| 653 ## - Ключова дума – ненормативна | |
| Ключова дума | валдхорни |
| 700 ## - Други автори (авторска отговорност) | |
| Лично име | Караиванов, Стоян |
| Автороска отговорност (Описва отношението между автора и произведението) | състав и клав. извл. |
| 9 (RLIN) | 403297 |
| 852 ## - Местоположение | |
| Форматна сигнатура | Цб М ІІ 9112 |
| Част | 13 |
| 856 4# - Електронен адрес и достъп | |
| Електронен формат | pdf - файл |
| Път до файла /url/ | |
| 856 4# - Електронен адрес и достъп | |
| Електронен формат | pdf - файл |
| Път до файла /url/ | |
| 999 ## - СИСТЕМНИ КОНТРОЛНИ НОМЕРА | |
| Koha biblionumber | 350582 |
| Koha biblioitemnumber | 350582 |
| 942 ## - АРТИКУЛИ | |
| Вид на библиотечния материал | Нотни издания |
| Скрит в OPAC | Не |
| Периодичен библиозапис | Да |
| 944 ## - СЪЗДАВАНЕ И РЕДАКЦИЯ на ЗАПИСА | |
| Създаване/Редакция | Създаване |
| Дата на регистрацията/редакция | 31.01.2007 |
| Служител, извършил регистрацията/редакцията | Ирена_Линкова |
| 944 ## - СЪЗДАВАНЕ И РЕДАКЦИЯ на ЗАПИСА | |
| Създаване/Редакция | Редакция |
| Дата на регистрацията/редакция | 28.08.2007 |
| 999 ## - СИСТЕМНИ КОНТРОЛНИ НОМЕРА | |
| Koha biblioitemnumber | 350582 |
| 999 ## - СИСТЕМНИ КОНТРОЛНИ НОМЕРА | |
| Koha biblioitemnumber | 308878 |
| Код за отписване | Код за изгубен артикул | Източник на класификационната схема | Код за повреда | Коз за рестрикции | Код за отдаване | Артикулен № | Име на библиотеката - собственик | Име на библиотеката, в която се намира в момента | Статус (Текущо местоположение) | Дата на вписване в системата | Местоположение - отдел | Цена в лева | Инвентарен номер | Систематично азбучна сигнатура | Баркод | Цена в евро | Служебен тип на артикула |
|---|---|---|---|---|---|---|---|---|---|---|---|---|---|---|---|---|---|
| Не е изгубен | Universal Decimal Classification | Не е повреден | без рестрикции | заемане за дома | 757826 | Регионална библиотека "Любен Каравелов" Русе | Регионална библиотека "Любен Каравелов" Русе | Отдел Изкуство - подръчен фонд | 2020-04-02 | Отдел Изкуство - подръчен фонд | 0.00 | 1132/90 | 788/К 84 | 900000002735 | 0.00 | Нотни издания |